000 00546 a2200169 4500
999 _c7972
_d7972
010 _aENG-88274
020 _a8183184324
_c180.00
035 _aEN-71807
037 _bDBAD / PUB
082 1 4 _a658.87
100 1 _aChunawalla, S. A.
245 1 _aContours of relaiting management/
_cby S.A.Chunawalla
260 _aMumbai
_bHimalaya Publishing House
_c2006
270 _a"Ramdoot", Dr. Bhalerao Marg, Girgoan
_bMumbai
_e400 004
_k022-23860170
_l022-23877178
300 _a174 p.
_c22cm (Pbk)
942 _adpl
_cEN
_2ddc
_h658.87
_mCHU